| 000 | 00509 a2200217 4500 | ||
|---|---|---|---|
| 001 | 107901 | ||
| 020 | _a9781770588387 | ||
| 041 | _aeng | ||
| 082 | _a[E] | ||
| 100 | _aBrockman, Annette | ||
| 250 | _a. ed. | ||
| 300 | _a16 p | ||
| 490 | _aScience and literacy | ||
| 697 | _aScience - Year 1. | ||
| 830 | _aScience and literacy | ||
| 040 |
_aBR-BrIDEA _cBR-BrIDEA |
||
| 090 |
_aAP Year 1 [E] _bBRO |
||
| 245 | 1 | 0 |
_aOn the trail _c Annette, Brockman |
| 260 |
_a[S.l.] _bPearson _c2014 |
||
| 942 | _cBK | ||
| 999 |
_c107901 _d107901 |
||